000 00612pam a2200229 a 4500
001 4751282
005 20180131090351.0
008 850719s1986 paua b 001 0 eng c
010 _a 85018272
020 _a072161857X
040 _aDNLM/DLC
_cDLC
_dDLC
041 _aeng
060 _aQX 4 M345d
080 _a616.96 MAR
082 0 0 _a616.96 MAR
_219
100 1 _a3
101 _aMJE
245 1 0 _aMedical parasitology /
_cEdward K. Markell, Marietta Voge, David J. John.
504 _aIncludes bibliographies and index.
906 _a7
_bcbc
_corignew
_d1
_eocip
_f19
_gy-gencatlg
942 _2ddc
_cBK
999 _c41411
_d41411